Windows 8; (Record no. 594624)
[ view plain ]
| 000 -LEADER | |
|---|---|
| fixed length control field | 00346nam a22001337a 4500 |
| 020 ## - INTERNATIONAL STANDARD BOOK NUMBER | |
| International Standard Book Number | 9789351343042 |
| 040 ## - CATALOGING SOURCE | |
| Transcribing agency | NUST |
| 082 ## - DEWEY DECIMAL CLASSIFICATION NUMBER | |
| Classification number | 005.446 VAN |
| 100 ## - MAIN ENTRY--PERSONAL NAME | |
| Personal name | Vandom, Nick |
| 9 (RLIN) | 112057 |
| 245 ## - TITLE STATEMENT | |
| Title | Windows 8; |
| Remainder of title | In Easy Steps |
| 260 ## - PUBLICATION, DISTRIBUTION, ETC. | |
| Place of publication, distribution, etc. | New Dehli: |
| Name of publisher, distributor, etc. | Mc Graw Hill Education, |
| Date of publication, distribution, etc. | 2013. |
| 650 ## - SUBJECT ADDED ENTRY--TOPICAL TERM | |
| Topical term or geographic name entry element | Windows 8 In Easy Steps |
| 9 (RLIN) | 112058 |
| 942 ## - ADDED ENTRY ELEMENTS (KOHA) | |
| Source of classification or shelving scheme | |
| Koha item type | Book |
| Withdrawn status | Lost status | Source of classification or shelving scheme | Damaged status | Not for loan | Permanent Location | Current Location | Shelving location | Date acquired | Total Checkouts | Full call number | Barcode | Date last seen | Price effective from | Koha item type |
|---|---|---|---|---|---|---|---|---|---|---|---|---|---|---|
| College of Electrical & Mechanical Engineering (CEME) | College of Electrical & Mechanical Engineering (CEME) | General Stacks | 05/03/2023 | 005.446 VAN | CEME-47533 | 05/03/2023 | 05/03/2023 | Book |
